Przez jakie miasto przepływa dana rzeka #2 (kliktest). - Statystyki

Ogólne statystyki
  • Ten quiz został rozwiązany 21 razy
  • Średni wynik to 8 z 15
Statystyki odpowiedzi
Hint Odpowiedź % Poprawnych
Łyna Olsztyn
73%
Bug Włodawa
73%
Warta Gorzów Wielkopolski
67%
Bóbr Żagań
67%
Olza Cieszyn
60%
Wisłok Krosno
60%
Słupia Ustka
60%
Prosna Kalisz
53%
Obra Kościan
53%
Odra Racibórz
53%
Wisła Włocławek
53%
Ner Łódź
33%
Skawa Wadowice
33%
Raba Myślenice
27%
Soła Żywiec
27%
Nie znaleziono quizów pasujących do podanych kryteriów
Rozkład punktacji
Procent ludzi z każdym wynikiem
Percentyl według liczby udzielonych odpowiedzi
Twoja historia wyników
Nie rozwiązałeś tego quizu